000 00200 a2200097 4500
001 1917
100 _aGinarlis, J
245 _aBasic course in commerce
260 _a
_bHarrap
_c
090 _c1416
_d1416
942 _aNUST-CAE
_cM
_c4625
999 _c236990
_d236990